Sajó csatornazása

Podrobná bibliografia
Médium: Článok
Jazyk:Hungarian
Témy:
Zdroj: 1. Rozsnyói Hiradó 1. Roč. 36, č. 44 (26.10.1913) s. 3
LEADER 00824nab#a2200277#ar4500
001 000061609
003 SVKKK
005 19960306xxxxxxx.
008 06 c xo huno
FMT
038 |a SVKKK 
040 |a SVKKK  |b slo  |e AACR2 
041 0 |a hun 
044 |a xo  |c SK 
080 |a 627 
242 1 0 |a Úprava koryta Slanej 
245 0 0 |a Sajó csatornazása 
650 0 4 |a stavby vodných ciest - splavňovanie - Slaná (rieka) - Ministerstvo poľnohospodárstva - konkurz - Budapešť (MR) - 28.07.1913 - vyhlásenie - termín konania - preloženie - 15.11.1913 - správa 
773 0 |t Rozsnyói Hiradó  |g Roč. 36, č. 44 (26.10.1913) s. 3 
957 |a Budapešť (MR) 
957 |a Gemersko-malohontská župa 
958 |a SK 
974 |a ebl  |d 19960306 
992 |a RBX 
BAS
998 |a RETRO